000 00870cam a22002897a 4500
003 CHAP
005 20220817042727.0
008 971013s1976 r 00010 d
010 _a53606
011 _a54578
035 _a58729
040 _cCHAP
082 _a080
_bS4 v.295
100 0 0 _aWestheim, Paul.
_9121567
245 1 3 _aEl pensamiento artístico moderno y otros ensayos
260 _aMéxico, D.F. :
_bSecretaría de Educación Pública,
_c1976
300 _a199 p.
_b: ilus.
490 0 _aSEP/Setentas
_v; 295
590 _aBATCH-UPD
_b10
_c20130110
_lUCH01
_h0652
590 _aBATCH-UPD
_b10
_c20130110
_lUCH01
_h2341
590 _aCONVERSION
_b10
_c20130109
_lUCH01
_h1329
650 1 4 _aArte moderno.
_97698
830 0 _aSEP. Setentas
_v; 295
901 _aBK
942 _cLIBRO
949 _a080 S4 v.295
_bBC
_cLIBRO
_d-127316
_eLIBRO
_h44493
_i58729
_mD
_si
999 _c53606
_d53606